000 03003nam a2200301 a 4500
001 ASIN0190231440
005 20170105102934.0
008 150819s2015 xxu eng d
020 _a0190231440 (paperback)
_c$18.95
020 _a9780190231446 (paperback)
040 _a0
050 0 4 _aDS383.5.A2
082 0 4 _a954.9105
100 1 _aPaul, T.V.
245 1 4 _aThe warrior state :
_bpakistan in the contemporary world /
_cT.V. Paul.
250 _aReprint ed.
260 _a[S.l.] :
_bOxford University Press,
_c2015.
300 _a272 p. ;
_c24 cm.
520 _aSeemingly from its birth, Pakistan has teetered on the brink of becoming a failed state. Today, it ranks 133rd out of 148 countries in global competitiveness. Its economy is as dysfunctional as its political system is corrupt; both rely heavily on international aid for their existence. Taliban forces occupy 30 percent of the country. It possesses over a hundred nuclear weapons that could easily fall into terrorists' hands. Why, in an era when countries across the developing world are experiencing impressive economic growth and building democratic institutions, has Pakistan been such a conspicuous failure? In The Warrior State , noted international relations and South Asia scholar T.V. Paul untangles this fascinating riddle. Paul argues that the "geostrategic curse"--akin to the "resource curse" that plagues oil-rich autocracies--is at the root of Pakistan's unique inability to progress. Since its founding in 1947, Pakistan has been at the center of major geopolitical struggles: the US-Soviet rivalry, the conflict with India, and most recently the post 9/11 wars. No matter how ineffective the regime is, massive foreign aid keeps pouring in from major powers and their allies with a stake in the region. The reliability of such aid defuses any pressure on political elites to launch the far-reaching domestic reforms necessary to promote sustained growth, higher standards of living, and more stable democratic institutions. Paul shows that excessive war-making efforts have drained Pakistan's limited economic resources without making the country safer or more stable. Indeed, despite the regime's emphasis on security, the country continues to be beset by widespread violence and terrorism. In an age of transnational terrorism and nuclear proliferation, understanding Pakistan's development, particularly the negative effects of foreign aid and geopolitical centrality, is more important than ever. Painstakingly researched and brilliantly argued, The Warrior State tackles what may be the world's most dangerous powder keg and uncovers the true causes of Pakistan's enormously consequential failure.
650 0 _aEconomic development
650 0 _aGeopolitics
650 0 _aNational security
650 0 _aPakistan
650 0 _aPolitical science
650 0 _aWar--Economic aspects
856 4 0 _3Amazon.com
_uhttp://www.amazon.com/exec/obidos/ASIN/0190231440/chopaconline-20
942 _2ddc
_cBK
999 _c16177
_d16177